| 000 | 00408nam a22001337a 4500 | ||
|---|---|---|---|
| 082 |
_a624.17762 _bFIS _cL-20, P-101 |
||
| 100 |
_aFisher, Ladislay _943067 |
||
| 245 |
_aTheory and practice of shell structures. _cFisher, Ladislay |
||
| 260 |
_aBerlin _bWilhelm Ernst & Sohn _c1968 |
||
| 300 |
_aviii, 541 p. _bill. _c25 cm. |
||
| 526 |
_a0 _b0 _c0 _d624_177620000000000_FIS |
||
| 650 |
_aMCE _9379 |
||
| 942 |
_2ddc _cBK |
||
| 999 |
_c546867 _d546867 |
||